书目信息 |
| 题名: |
李阳·克立兹英语听力突破掌上宝
|
|
| 作者: | 李阳·克立兹 编著 | |
| 分册: | ||
| 出版信息: | 广州 广东世界图书出版公司 1997 |
|
| 页数: | 2册(128,266页) | |
| 开本: | 19cm | |
| 丛书名: | ||
| 单 册: | ||
| 中图分类: | H319.9 | |
| 科图分类: | 41.687 | |
| 主题词: | 英语-听说教学--教材 , 听说教学-英语--教材 | |
| 电子资源: | ||
| ISBN: | 7-5062-3181-6 | |
| 000 | 00778nam0 2200241 45 | |
| 001 | 0198047223 | |
| 005 | 20050419150858.43 | |
| 010 | @a7-5062-3181-6@dCNY 12.50 | |
| 100 | @a19980828e19981997em y0chiy0121 ea | |
| 101 | 0 | @achi@aeng |
| 102 | @aCN@b440000 | |
| 105 | @ay z 000yy | |
| 200 | 10 | @a李阳·克立兹英语听力突破掌上宝@Ali yang · ke li zi ying yu ting li tu po zhang shang bao@f李阳·克立兹编著 |
| 210 | @a广州@c广东世界图书出版公司@d1997@h1998重印 | |
| 215 | @a2册(128,266页)@d19cm | |
| 300 | @a李阳·克立兹疯狂英语成功之路系列教材 | |
| 606 | @a英语-听说教学@x教材 | |
| 606 | @a听说教学-英语@x教材 | |
| 690 | @aH319.9@v3 | |
| 692 | @a41.687@v2 | |
| 701 | 0 | @a李阳·克立兹@Ali yang · ke li zi@4编著 |
| 801 | 0 | @aCN@bNLC@c20050419 |
| 905 | @a10447@dH319.9@eL310 | |
| 李阳·克立兹英语听力突破掌上宝/李阳·克立兹编著.-广州:广东世界图书出版公司,1997(1998重印) |
| 2册(128,266页);19cm |
| 李阳·克立兹疯狂英语成功之路系列教材 |
| ISBN 7-5062-3181-6:CNY 12.50 |
| ● |
| 相关链接 |
|
|
|
正题名:李阳·克立兹英语听力突破掌上宝
索取号:H319.9/L310
 
预约/预借
| 序号 | 登录号 | 条形码 | 馆藏地/架位号 | 状态 | 备注 |
| 1 | 441383 | 204413839 | 自科二线404/209语言库 60排5列1层/ [索取号:H319.9/L310] | 在馆 | |
| 2 | 441384 | 204413848 | 语言库209/209语言库 60排5列1层/ [索取号:H319.9/L310] | 在馆 | |
| 3 | 441385 | 204413857 | 语言库209/209语言库 60排5列1层/ [索取号:H319.9/L310] | 在馆 |